| 000 | 00311cam a22001097a 4500 | ||
|---|---|---|---|
| 008 | 180718b1953 xxu||||| |||| 00| 0 eng d | ||
| 082 | _aA6x5422 | ||
| 245 |
_aBhopal _cby Information Department |
||
| 260 |
_aBhopal _bInformation Department _c1953 |
||
| 300 | _av.p. | ||
| 700 | _aMadhya Pradesh. Infomation Department | ||
| 999 |
_c487343 _d487343 |
||